000 00289nam a22001337a 4500
008 170405b xxu||||| |||| 00| 0 eng d
020 _a9780030536892
041 _aeng
080 _24TH
_a574
100 _a9
101 _aSHM
245 _aTHE EARTH THROUGH TIME
_cLEVIN
942 _2udc
_cBK
999 _c9774
_d9774